[Event "NK Jeugd Cj"]
[Site "Assen"]
[Date "2017.04.24"]
[Round "3.13"]
[White "Tiggelaar, Joas"]
[Black "Brandsma, Romayn"]
[Result "0-1"]
[WhiteElo "1521"]
[BlackElo "1390"]
[PlyCount "122"]
[EventDate "2017.??.??"]

1. e4 d6 2. Nf3 Nf6 3. Nc3 e5 4. Bc4 Be7 5. O-O Bg4 6. d3 O-O 7. Bg5 Nc6 8. h3
Bh5 9. Be3 h6 10. Qe2 Nh7 11. Kh1 Bg5 12. Rg1 Bxe3 13. Qxe3 Bxf3 14. gxf3 Qh4
15. Rg3 Ng5 16. Kh2 Kh8 17. Rag1 f5 18. exf5 Rxf5 19. Nd5 Raf8 20. f4 exf4 21.
Nxf4 Qxf4 22. Qxf4 Rxf4 23. Bb3 Nf3+ 24. Rxf3 Rxf3 25. Bd5 Rxf2+ 26. Bg2 Nd4
27. Kh1 Rxc2 28. Re1 Nf3 29. Rf1 Rxg2 30. Kxg2 Nh4+ 31. Kg1 Rxf1+ 32. Kxf1 Kh7
33. Ke2 Kg6 34. Ke3 Kf5 35. Kf2 Kf4 36. Ke2 Kg3 37. Ke3 Kxh3 38. Kf4 g5+ 39.
Ke4 g4 40. Kd5 g3 41. Ke6 g2 42. Kd7 g1=Q 43. Kxc7 Qc5+ 44. Kd7 d5 45. b4 Qc6+
46. Ke7 Nf5+ 47. Kf7 Kg4 48. b5 Qd6 49. b6 axb6 50. a4 Kg5 51. a5 bxa5 52. d4
Qf6+ 53. Ke8 Qg7 54. Kd8 b5 55. Kc8 Qe7 56. Kb8 Qd7 57. Ka8 Kf6 58. Kb8 Ke6 59.
Ka8 Kd6 60. Kb8 Kc6 61. Ka8 Qb7# 0-1

[Event "NK Jeugd Cj"]
[Site "Assen"]
[Date "2017.04.24"]
[Round "3.14"]
[White "Algra, Sake"]
[Black "Schelleman, Martijn"]
[Result "1-0"]
[WhiteElo "1481"]
[BlackElo "1385"]
[PlyCount "27"]
[EventDate "2017.??.??"]

1. e4 e5 2. Nf3 Nc6 3. Bc4 Bc5 4. c3 d6 5. d4 Bb6 6. dxe5 Nxe5 7. Nxe5 Qh4 8.
Qf3 dxe5 9. Qxf7+ Kd8 10. O-O Nf6 11. Qxg7 Rg8 12. Bxg8 Bd7 13. Bg5 Qh5 14.
Qxf6+ 1-0

[Event "NK Jeugd Cj"]
[Site "Assen"]
[Date "2017.04.25"]
[Round "4.2"]
[White "Hilwerda, Jonas"]
[Black "Kutchoukov, Daniel"]
[Result "1-0"]
[WhiteElo "2011"]
[BlackElo "1823"]
[PlyCount "49"]
[EventDate "2017.??.??"]

1. e4 c6 2. d4 d5 3. Nc3 dxe4 4. Nxe4 Bf5 5. Ng3 Bg6 6. Nh3 e6 7. Nf4 Qh4 8. c3
Bd6 9. Ngh5 Bxh5 10. Qxh5 Qxh5 11. Nxh5 Nf6 12. Nxg7+ Ke7 13. Bg5 Nbd7 14. Nh5
Rhg8 15. h4 Rac8 16. Rh3 h6 17. Nxf6 Nxf6 18. Bxh6 Nd5 19. Bd2 c5 20. dxc5 Bxc5
21. Rf3 Rh8 22. g3 Rcg8 23. O-O-O Rg4 24. Bg5+ f6 25. Rxd5 1-0

[Event "NK Jeugd Cj"]
[Site "Assen"]
[Date "2017.04.25"]
[Round "4.3"]
[White "De Boer, Eelke"]
[Black "Nguyen, Lucas"]
[Result "1-0"]
[WhiteElo "2100"]
[BlackElo "1924"]
[PlyCount "83"]
[EventDate "2017.??.??"]

1. e4 c5 2. Nf3 Nc6 3. d4 cxd4 4. Nxd4 g6 5. c4 Nf6 6. Nc3 d6 7. f3 Nxd4 8.
Qxd4 Bg7 9. Be3 O-O 10. Qd2 Be6 11. Rc1 Rc8 12. b3 Qa5 13. Bd3 a6 14. Ne2 Qxd2+
15. Kxd2 Nd7 16. Nd4 Nc5 17. Be2 Bd7 18. b4 Ne6 19. Nb3 f5 20. Bd3 fxe4 21.
Bxe4 b5 22. Bd5 Kh8 23. Na5 Nd8 24. cxb5 Rxc1 25. Rxc1 Bxb5 26. Bb3 Nf7 27. a4
Be8 28. Rc7 Bf6 29. Ra7 d5 30. Bxd5 Bxa4 31. Bxf7 Rxf7 32. Bh6 Rg7 33. Bxg7+
Kxg7 34. Rxa6 Kf7 35. Rb6 Bd4 36. Rb7 Ke6 37. Kd3 Bg1 38. h3 Bd7 39. b5 Bc8 40.
Rb8 Kd7 41. b6 Bh2 42. Ra8 1-0

[Event "NK Jeugd Cj"]
[Site "Assen"]
[Date "2017.04.25"]
[Round "4.4"]
[White "Pham, Khoi"]
[Black "Paays, Dominggus"]
[Result "1-0"]
[WhiteElo "1870"]
[BlackElo "1531"]
[PlyCount "43"]
[EventDate "2017.??.??"]

1. e4 c5 2. Nf3 Nc6 3. d4 cxd4 4. Nxd4 g6 5. Nc3 Bg7 6. Be3 Nf6 7. Bc4 O-O 8.
Bb3 a5 9. f3 d5 10. Bxd5 Nxd5 11. Nxd5 f5 12. Nxc6 bxc6 13. Nb6 Rb8 14. Qxd8
Rxd8 15. Rd1 Rxd1+ 16. Kxd1 Bxb2 17. Nxc8 Rxc8 18. exf5 gxf5 19. Ke2 Rd8 20.
Rb1 Bc3 21. Rb3 Bd4 22. Rd3 1-0

[Event "NK Jeugd Cj"]
[Site "Assen"]
[Date "2017.04.25"]
[Round "4.5"]
[White "Bruggink, Tycho"]
[Black "Shakhverdian, William"]
[Result "1-0"]
[WhiteElo "1858"]
[BlackElo "1732"]
[PlyCount "61"]
[EventDate "2017.??.??"]

1. e4 c5 2. Nf3 d6 3. d4 cxd4 4. Nxd4 Nf6 5. Nc3 a6 6. Bc4 e6 7. Bb3 Be7 8. O-O
O-O 9. f4 Qc7 10. Be3 Re8 11. Qf3 Nbd7 12. g4 Nc5 13. f5 Nxb3 14. cxb3 e5 15.
Nde2 h6 16. h4 Nh7 17. Nd5 Qd8 18. Bb6 Qd7 19. Nc7 Bxh4 20. Nxa8 Bd8 21. Rac1
Qe7 22. Rxc8 Bxb6+ 23. Nxb6 Rxc8 24. Nxc8 Qh4 25. Qg3 Qd8 26. Rc1 Ng5 27. Qe3
h5 28. Nxd6 Nf3+ 29. Qxf3 Qxd6 30. Rc8+ Kh7 31. g5 1-0

[Event "NK Jeugd Cj"]
[Site "Assen"]
[Date "2017.04.25"]
[Round "4.6"]
[White "Gevorkjan, Lewon"]
[Black "Brands, Kevin"]
[Result "0-1"]
[WhiteElo "1815"]
[BlackElo "1531"]
[PlyCount "98"]
[EventDate "2017.??.??"]

1. e4 c5 2. Ne2 Nc6 3. g3 Nf6 4. Bg2 g6 5. c3 Bg7 6. d4 cxd4 7. cxd4 d6 8. O-O
O-O 9. Be3 Ng4 10. Nbc3 Nxe3 11. fxe3 e5 12. d5 Ne7 13. Qd3 Qb6 14. Nc1 Bh6 15.
Re1 f5 16. Kh1 fxe4 17. Bxe4 Qxb2 18. N1e2 Qb6 19. Ng1 Bf5 20. Rab1 Bxe4+ 21.
Qxe4 Qc5 22. Rb3 Nf5 23. Nd1 b6 24. Nf3 Rac8 25. Nf2 Qc4 26. Nd2 Qxe4+ 27.
Nfxe4 Rc2 28. g4 Ne7 29. Ra3 Nxd5 30. g5 Bxg5 31. Nxg5 Rxd2 32. Ne4 Rc2 33.
Rxa7 Nxe3 34. Rd7 Ng4 35. h3 Nf6 36. Nxf6+ Rxf6 37. Kg1 Rxa2 38. Rc1 Raf2 39.
Rc8+ Rf8 40. Rc6 e4 41. Re7 d5 42. Rxb6 R8f7 43. Re8+ Kg7 44. Rd6 R2f5 45. Kg2
Kh6 46. h4 Kh5 47. Red8 Kxh4 48. Rxg6 Rf2+ 49. Kh1 hxg6 0-1

[Event "NK Jeugd Cj"]
[Site "Assen"]
[Date "2017.04.25"]
[Round "4.7"]
[White "Rutjens, Mika"]
[Black "Boghossian, Wahe"]
[Result "0-1"]
[WhiteElo "1515"]
[BlackElo "1863"]
[PlyCount "44"]
[EventDate "2017.??.??"]

1. e4 e5 2. Nf3 Nc6 3. d4 exd4 4. Bc4 d6 5. Nxd4 Nf6 6. Nc3 Be7 7. O-O O-O 8.
Be3 Ne5 9. Bb3 c5 10. Nde2 c4 11. Ba4 a6 12. Nd4 b5 13. Ndxb5 axb5 14. Bxb5 Bd7
15. Bxd7 Qxd7 16. h3 Qb7 17. f4 Ng6 18. Nd5 Nxe4 19. Qd4 Ng3 20. Nxe7+ Nxe7 21.
Rfe1 Nef5 22. Qxc4 Nh4 0-1

[Event "NK Jeugd Cj"]
[Site "Assen"]
[Date "2017.04.25"]
[Round "4.8"]
[White "Albertus, Bram"]
[Black "Hoeneveld, Maarten"]
[Result "0-1"]
[WhiteElo "1569"]
[BlackElo "2001"]
[PlyCount "100"]
[EventDate "2017.??.??"]

1. c4 Nf6 2. Nc3 g6 3. g3 Bg7 4. Bg2 O-O 5. Nf3 d6 6. O-O e5 7. e3 c5 8. a3 Nc6
9. Rb1 Be6 10. d3 a5 11. b3 Ne8 12. Qc2 f5 13. Rd1 Nc7 14. Ne2 Bf7 15. d4 e4
16. Ne1 Qe7 17. Bb2 Rfd8 18. Ba1 b5 19. d5 Ne5 20. Qc1 a4 21. Bxe5 Qxe5 22. f4
Qe8 23. b4 bxc4 24. Qxc4 Rdb8 25. Nc2 Qb5 26. Qxb5 Rxb5 27. Bf1 Nxd5 28. Rxd5
Bxd5 29. Nc3 Bxc3 30. Bxb5 Bb3 31. Na1 Bxa1 32. Rxa1 c4 33. Bc6 Rc8 34. Bd5+
Kf8 35. b5 c3 36. Bc6 Ke7 37. Rc1 c2 38. Kf2 d5 39. Ke1 Kd6 40. Kd2 Kc5 41. Kc3
Rd8 42. h3 d4+ 43. exd4+ Rxd4 44. Be8 Rd1 45. Kb2 e3 46. Bc6 e2 47. Bf3 Rxc1
48. Bxe2 Rb1+ 49. Kc3 c1=Q+ 50. Kd3 Bc4# 0-1

[Event "NK Jeugd Cj"]
[Site "Assen"]
[Date "2017.04.25"]
[Round "4.9"]
[White "Warnaar, Alisha"]
[Black "Grutter, Tim"]
[Result "0-1"]
[WhiteElo "1571"]
[BlackElo "1828"]
[PlyCount "70"]
[EventDate "2017.??.??"]

1. e4 e5 2. Nf3 Nc6 3. d4 exd4 4. Nxd4 Nf6 5. Nxc6 bxc6 6. e5 Qe7 7. Qe2 Nd5 8.
c4 Ba6 9. b3 g6 10. Bb2 Bg7 11. g3 O-O 12. Nd2 Rae8 13. O-O-O Nb6 14. Re1 d6
15. f4 Nd7 16. Nf3 f6 17. exf6 Bxf6 18. Qxe7 Rxe7 19. Bh3 Nc5 20. Kc2 Rxe1 21.
Nxe1 Bxb2 22. Kxb2 Re8 23. Bg4 Rxe1 24. Rxe1 Nd3+ 25. Kc2 Nxe1+ 26. Kd2 Ng2 27.
Bf3 Nxf4 28. gxf4 Bb7 29. b4 d5 30. b5 cxb5 31. Bxd5+ Bxd5 32. cxd5 Kf7 33. Kc3
Ke7 34. Kb4 Kd6 35. Kxb5 Kxd5 0-1

[Event "NK Jeugd Cj"]
[Site "Assen"]
[Date "2017.04.25"]
[Round "4.10"]
[White "Honkoop, Gilian"]
[Black "Klaren, Duncan"]
[Result "0-1"]
[WhiteElo "1820"]
[BlackElo "1551"]
[PlyCount "24"]
[EventDate "2017.??.??"]

1. Nf3 d5 2. d4 Nf6 3. Bf4 g6 4. e3 Bg7 5. c4 c5 6. Nc3 Nc6 7. Be2 O-O 8. O-O
Nh5 9. Bg5 dxc4 10. d5 Na5 11. Qa4 Bd7 12. Bxe7 Bxc3 0-1

[Event "NK Jeugd Cj"]
[Site "Assen"]
[Date "2017.04.25"]
[Round "4.11"]
[White "Bijvank, Kylian"]
[Black "Algra, Sake"]
[Result "1-0"]
[WhiteElo "1678"]
[BlackElo "1481"]
[PlyCount "45"]
[EventDate "2017.??.??"]

1. e4 c5 2. Nf3 d6 3. d4 cxd4 4. Nxd4 Nf6 5. Nc3 g6 6. Be3 Bg7 7. f3 O-O 8. Qd2
Nc6 9. O-O-O Bd7 10. g4 Rc8 11. h4 a6 12. h5 b5 13. hxg6 fxg6 14. Bh6 Nxd4 15.
Qxd4 Bxh6+ 16. Rxh6 Rf7 17. Be2 Qa5 18. Kb1 Be6 19. Nd5 Nxd5 20. exd5 Bd7 21.
Rdh1 Rg7 22. g5 Bf5 23. Qxg7+ 1-0

[Event "NK Jeugd Cj"]
[Site "Assen"]
[Date "2017.04.25"]
[Round "4.12"]
[White "Brandsma, Romayn"]
[Black "Van der Hagen, Loek"]
[Result "1-0"]
[WhiteElo "1390"]
[BlackElo "1581"]
[PlyCount "127"]
[EventDate "2017.??.??"]

1. d4 Nf6 2. c4 g6 3. Nc3 Bg7 4. e4 d6 5. Bd3 O-O 6. f3 Nc6 7. Be3 a6 8. Nge2
Rb8 9. g4 h5 10. gxh5 Nxh5 11. Ng3 Nxg3 12. hxg3 Nxd4 13. Bxd4 Bxd4 14. Qd2 Bg7
15. O-O-O f6 16. Rh6 Bxh6 17. Qxh6 Kf7 18. e5 Bf5 19. Bxf5 gxf5 20. exf6 e6 21.
Nd5 Ke8 22. Qg7 Qd7 23. Nxc7+ Kd8 24. Nxe6+ Qxe6 25. Qxf8+ Kc7 26. Qe7+ Qxe7
27. fxe7 Kd7 28. c5 Kxe7 29. cxd6+ Kd7 30. b3 Rg8 31. Rg1 Kxd6 32. Kd2 Ke5 33.
Ke3 Rc8 34. f4+ Kf6 35. Rd1 Ke6 36. Rd2 Rc3+ 37. Rd3 Rc8 38. Kd4 Rc2 39. a4 Rc6
40. Re3+ Kf6 41. Kd5 Rb6 42. Kc5 Rc6+ 43. Kb4 Rb6+ 44. Ka5 Rc6 45. b4 Rd6 46.
b5 axb5 47. axb5 Kf7 48. Rc3 Rd7 49. Kb6 Kg6 50. Rc7 Rd3 51. Kxb7 Rxg3 52. b6
Rb3 53. Rc6+ Kh5 54. Kc7 Kg4 55. Rc4 Rf3 56. b7 Rxf4 57. Rxf4+ Kxf4 58. b8=Q
Ke3 59. Qb6+ Kf3 60. Qb1 f4 61. Qf1+ Kg3 62. Kd6 f3 63. Ke5 f2 64. Ke4 1-0

[Event "NK Jeugd Cj"]
[Site "Assen"]
[Date "2017.04.25"]
[Round "4.13"]
[White "Maters, Arthur"]
[Black "Ekker, Laurens"]
[Result "0-1"]
[WhiteElo "1730"]
[BlackElo "1396"]
[PlyCount "72"]
[EventDate "2017.??.??"]

1. e4 e5 2. Nf3 Nc6 3. Bc4 Nf6 4. d3 Bc5 5. c3 d6 6. O-O O-O 7. Nbd2 Be6 8. Bb5
a6 9. Ba4 b5 10. Bc2 d5 11. exd5 Bxd5 12. Nxe5 Nxe5 13. d4 Bxd4 14. cxd4 Nc6
15. Nb3 Bxb3 16. Bxb3 Nxd4 17. Bf4 c5 18. Rc1 c4 19. Bc2 Nxc2 20. Qxc2 Re8 21.
Rcd1 Qb6 22. Rd6 Qa5 23. Qf5 Re1 24. Rxf6 Rae8 25. g3 Rxf1+ 26. Kg2 Rxf2+ 27.
Kxf2 Qe1+ 28. Kg2 gxf6 29. Qxf6 Qe2+ 30. Kg1 Qd1+ 31. Kg2 Qc2+ 32. Kh3 Qg6 33.
Qd4 Qh5+ 34. Kg2 Re2+ 35. Kf1 Qf3+ 36. Qf2 Qxf2# 0-1

[Event "NK Jeugd Cj"]
[Site "Assen"]
[Date "2017.04.25"]
[Round "4.14"]
[White "Schelleman, Martijn"]
[Black "Tiggelaar, Joas"]
[Result "1/2-1/2"]
[WhiteElo "1385"]
[BlackElo "1521"]
[PlyCount "105"]
[EventDate "2017.??.??"]

1. e4 e6 2. d4 d5 3. exd5 exd5 4. c4 Nf6 5. Nc3 Bb4 6. Nf3 Bg4 7. Be2 Ne4 8.
Qb3 Nc6 9. cxd5 Bxf3 10. Bxf3 Nxd4 11. Qa4+ b5 12. Qd1 Nxf3+ 13. Qxf3 O-O 14.
O-O Bxc3 15. Qxe4 Bf6 16. Rb1 Re8 17. Qd3 c6 18. d6 Re6 19. Bf4 Qd7 20. Rfd1
Rae8 21. Kf1 Re2 22. Rd2 R2e4 23. Be3 h6 24. Qa3 Bg5 25. Bxg5 hxg5 26. Qg3 g6
27. f3 Qf5 28. d7 Rd8 29. Rbd1 Re5 30. Qf2 Rc5 31. Qe3 Qe5 32. Qa3 Rd5 33. Rxd5
cxd5 34. Qxa7 Qd6 35. Qe3 Rxd7 36. Qxg5 b4 37. h4 Qa6+ 38. Kg1 Qxa2 39. h5 Kg7
40. hxg6 fxg6 41. Qe5+ Kh7 42. f4 Qa7+ 43. Kh1 Kh6 44. Qg5+ Kg7 45. Rxd5 Rxd5
46. Qxd5 Qa1+ 47. Kh2 Qxb2 48. Qg5 Qd2 49. Qe7+ Kg8 50. Qe8+ Kh7 51. Qe7+ Kg8
52. Qe8+ Kg7 53. Qe7+ 1/2-1/2

[Event "NK Jeugd Cj"]
[Site "Assen"]
[Date "2017.04.26"]
[Round "5.1"]
[White "De Boer, Eelke"]
[Black "Bruil, Rembrandt"]
[Result "1/2-1/2"]
[WhiteElo "2100"]
[BlackElo "1963"]
[PlyCount "61"]
[EventDate "2017.??.??"]

1. e4 d6 2. d4 Nf6 3. Nc3 e5 4. Nf3 Nbd7 5. Bc4 Be7 6. h3 c6 7. a4 a5 8. Be3
O-O 9. O-O h6 10. Ba2 Qc7 11. Qe2 exd4 12. Nxd4 Nc5 13. Bf4 Ne6 14. Nxe6 fxe6
15. Rad1 Kh8 16. e5 Nd5 17. Nxd5 exd5 18. exd6 Bxd6 19. Bxd6 Qxd6 20. c4 Qg6
21. Bb1 Bf5 22. Bxf5 Rxf5 23. cxd5 cxd5 24. Qc2 Qf6 25. b3 Rd8 26. Qc7 b6 27.
Rd3 d4 28. Qc2 Rc5 29. Qd2 Qd6 30. Rd1 Rd5 31. Rc1 1/2-1/2

[Event "NK Jeugd Cj"]
[Site "Assen"]
[Date "2017.04.26"]
[Round "5.2"]
[White "Elgersma, Onno"]
[Black "Hilwerda, Jonas"]
[Result "1-0"]
[WhiteElo "2026"]
[BlackElo "2011"]
[PlyCount "139"]
[EventDate "2017.??.??"]

1. e4 e5 2. Nf3 Nc6 3. Bc4 Nf6 4. d3 Be7 5. O-O O-O 6. Re1 d6 7. a4 Be6 8. Nbd2
Qd7 9. c3 Rfe8 10. a5 d5 11. exd5 Bxd5 12. Nxe5 Nxe5 13. Rxe5 Bxc4 14. Nxc4
Rad8 15. Bg5 Qxd3 16. Qxd3 Rxd3 17. Bxf6 gxf6 18. Re4 Rdd8 19. Rae1 Kf8 20. Kf1
a6 21. Rh4 Kg8 22. Rf4 Kf8 23. Rf5 Kg7 24. Re3 Rd1+ 25. Ke2 Rdd8 26. Kf3 Bf8
27. Rxe8 Rxe8 28. Rd5 c6 29. Rd7 Re7 30. Rd8 Rc7 31. Ne3 Be7 32. Re8 Bf8 33.
Nf5+ Kg8 34. h4 Rd7 35. h5 h6 36. Nxh6+ Kh7 37. Nf5 Rd5 38. Ne3 Rxa5 39. Rxf8
Rb5 40. Rxf7+ Kg8 41. Rd7 Rxb2 42. h6 Rb5 43. h7+ Kh8 44. Kg4 a5 45. Nf5 a4 46.
Kh5 Rxf5+ 47. Kh6 Rd5 48. Rxb7 Rd8 49. Ra7 f5 50. Rxa4 Rd6+ 51. Kg5 Kxh7 52.
Kxf5 Rd2 53. Rf4 Kg7 54. g4 Kf7 55. g5 Rd5+ 56. Kg4+ Kg7 57. Rc4 c5 58. f4 Kg6
59. Ra4 Rd3 60. f5+ Kg7 61. f6+ Kf8 62. Ra8+ Kf7 63. Ra7+ Kf8 64. g6 Rd8 65.
Kh5 Kg8 66. Kh6 Rf8 67. f7+ Rxf7 68. Rxf7 c4 69. Rf3 Kh8 70. Rf8# 1-0

[Event "NK Jeugd Cj"]
[Site "Assen"]
[Date "2017.04.26"]
[Round "5.3"]
[White "Brands, Kevin"]
[Black "Bruggink, Tycho"]
[Result "1/2-1/2"]
[WhiteElo "1531"]
[BlackElo "1858"]
[PlyCount "95"]
[EventDate "2017.??.??"]

1. e4 e5 2. Nf3 Nc6 3. Bc4 Bc5 4. c3 Nf6 5. d3 d6 6. Bb3 O-O 7. Bg5 Bg4 8. Nbd2
Ne7 9. h3 Bxf3 10. Qxf3 Ng6 11. h4 h6 12. h5 Nf4 13. Bxf4 exf4 14. Qxf4 Qe7 15.
O-O-O b5 16. d4 Bb6 17. e5 dxe5 18. dxe5 Nd7 19. Rhe1 c5 20. Bc2 Rfe8 21. Qf5
Nf8 22. f4 Qe6 23. Qxe6 Nxe6 24. g3 c4 25. Ne4 Red8 26. Rd6 Rxd6 27. exd6 Rd8
28. f5 Nc5 29. Rd1 Rd7 30. f6 a6 31. fxg7 Kxg7 32. Nxc5 Bxc5 33. Bf5 Rxd6 34.
Rxd6 Bxd6 35. Bc8 a5 36. g4 b4 37. Ba6 bxc3 38. bxc3 Kf6 39. Bxc4 Kg5 40. Be2
f5 41. gxf5 Kxf5 42. a4 Ke4 43. Kc2 Kd5 44. Kd3 Bf4 45. Bf3+ Kc5 46. Ke4 Bd2
47. Kd3 Bf4 48. Ke4 1/2-1/2

[Event "NK Jeugd Cj"]
[Site "Assen"]
[Date "2017.04.26"]
[Round "5.4"]
[White "Kutchoukov, Daniel"]
[Black "Pham, Khoi"]
[Result "0-1"]
[WhiteElo "1823"]
[BlackElo "1870"]
[PlyCount "78"]
[EventDate "2017.??.??"]

1. e4 c5 2. c3 Nf6 3. e5 Nd5 4. d4 cxd4 5. Nf3 Nc6 6. cxd4 d6 7. Bc4 Nb6 8. Bb5
dxe5 9. Nxe5 Bd7 10. Nxd7 Qxd7 11. Nc3 e6 12. Qg4 g6 13. O-O Bg7 14. Rd1 a6 15.
Bxc6 Qxc6 16. Bf4 O-O 17. Rac1 Nd5 18. Be3 Rac8 19. a3 Rfd8 20. Ne4 Nxe3 21.
fxe3 Qxc1 22. Rxc1 Rxc1+ 23. Kf2 Rc2+ 24. Kg3 Rxb2 25. Qg5 Rc8 26. Qe7 b6 27.
Kf3 Rbc2 28. Nd6 R2c7 29. Qg5 h6 30. Qf4 g5 31. Qg3 Rd8 32. Ne4 Rc6 33. h4 f5
34. Nd2 g4+ 35. Ke2 e5 36. Qf2 exd4 37. Qxf5 dxe3 38. Kxe3 Re8+ 39. Kd3 Rc3#
0-1

[Event "NK Jeugd Cj"]
[Site "Assen"]
[Date "2017.04.26"]
[Round "5.5"]
[White "Boghossian, Wahe"]
[Black "Grutter, Tim"]
[Result "0-1"]
[WhiteElo "1863"]
[BlackElo "1828"]
[PlyCount "124"]
[EventDate "2017.??.??"]

1. e4 e5 2. Nf3 Nc6 3. Bc4 Bc5 4. Nc3 Nf6 5. O-O d6 6. h3 O-O 7. d3 h6 8. Be3
Bb6 9. Ne2 Be6 10. Bb3 d5 11. exd5 Nxd5 12. Bxb6 axb6 13. Nc3 Nxc3 14. bxc3
Bxb3 15. cxb3 Qd6 16. Qe2 f5 17. Rfe1 Rfe8 18. a4 Rad8 19. Rad1 Qf6 20. Qc2 Re7
21. b4 Rde8 22. b5 Nd8 23. d4 e4 24. Ne5 Nf7 25. f4 exf3 26. Nxf3 Rxe1+ 27.
Rxe1 Rxe1+ 28. Nxe1 Qe6 29. Nf3 g5 30. Qd3 g4 31. d5 Qe4 32. Qxe4 fxe4 33. Nd2
gxh3 34. Nxe4 hxg2 35. Nf6+ Kf8 36. Kxg2 Ke7 37. Ne4 Ng5 38. Ng3 Kd6 39. c4 Kc5
40. Nf5 Kxc4 41. d6 cxd6 42. Nxd6+ Kb4 43. Nxb7 Kxa4 44. Nd6 Ne6 45. Kg3 Ng7
46. Kf4 Kb4 47. Ke5 Kc5 48. Nf7 h5 49. Kf6 h4 50. Ng5 Ne8+ 51. Ke5 Kxb5 52. Kf4
Kc4 53. Nf3 b5 54. Nxh4 b4 55. Nf3 Kc3 56. Ke3 Nd6 57. Ng1 Nc4+ 58. Ke2 b3 59.
Kd1 b2 60. Ne2+ Kb3 61. Nc1+ Ka3 62. Kc2 Nd2 0-1

[Event "NK Jeugd Cj"]
[Site "Assen"]
[Date "2017.04.26"]
[Round "5.6"]
[White "Hoeneveld, Maarten"]
[Black "Bijvank, Kylian"]
[Result "1-0"]
[WhiteElo "2001"]
[BlackElo "1678"]
[PlyCount "74"]
[EventDate "2017.??.??"]

1. e4 c5 2. d4 cxd4 3. c3 dxc3 4. Nxc3 Nc6 5. Nf3 e6 6. Bc4 a6 7. O-O Nge7 8.
Bg5 f6 9. Bf4 Ng6 10. Bg3 Be7 11. a4 Na5 12. Ba2 O-O 13. Qe2 Kh8 14. Rfd1 Qb6
15. Rac1 Nc6 16. h3 Nge5 17. Rd2 Nxf3+ 18. Qxf3 f5 19. Rcd1 fxe4 20. Qxe4 d5
21. Bxd5 exd5 22. Nxd5 Qc5 23. b4 Bf5 24. Qxf5 Rxf5 25. bxc5 Bxc5 26. Nc7 Raf8
27. Ne6 Re8 28. Nxc5 Rxc5 29. Rd7 b5 30. axb5 axb5 31. Rb7 h6 32. Rdd7 Na5 33.
Ra7 b4 34. Rxg7 Rd5 35. Rh7+ Kg8 36. Rag7+ Kf8 37. Rc7 b3 1-0

[Event "NK Jeugd Cj"]
[Site "Assen"]
[Date "2017.04.26"]
[Round "5.7"]
[White "Nguyen, Lucas"]
[Black "Rutjens, Mika"]
[Result "1/2-1/2"]
[WhiteElo "1924"]
[BlackElo "1515"]
[PlyCount "153"]
[EventDate "2017.??.??"]

1. e4 e5 2. Nf3 Nf6 3. Nxe5 d6 4. Nf3 Nxe4 5. Nc3 Nxc3 6. dxc3 Nc6 7. Bf4 Be7
8. Qd2 Be6 9. Bd3 Qd7 10. O-O-O O-O-O 11. Ng5 h6 12. Nxe6 fxe6 13. Kb1 Rhf8 14.
Be3 Kb8 15. Bb5 a6 16. Be2 Bf6 17. Rhe1 Qf7 18. f4 e5 19. g3 Rde8 20. Bf3 e4
21. Bg2 Qh5 22. Bg1 Qf5 23. c4 g5 24. Qd5 Qg6 25. Bxe4 Qg7 26. c3 gxf4 27. gxf4
Bh4 28. Rf1 Qg4 29. c5 Rxf4 30. Rxf4 Qxf4 31. Bc2 Rd8 32. cxd6 Rxd6 33. Qg8+
Rd8 34. Rxd8+ Nxd8 35. Qg2 Bg5 36. a3 Qc1+ 37. Ka2 Qd2 38. Qxd2 Bxd2 39. Bf2
Bf4 40. Bg3 Bxg3 41. hxg3 Ne6 42. Kb3 Kc8 43. Kc4 Kd7 44. Kd5 Ke7 45. Ke5 Ng7
46. b4 c6 47. a4 b5 48. axb5 cxb5 49. Bd3 Nh5 50. g4 Nf6 51. Bf5 h5 52. gxh5
Nxh5 53. Bc8 Ng3 54. Kd4 Kd6 55. Bxa6 Kc6 56. Bc8 Nh5 57. Bh3 Nf6 58. Ke5 Ne8
59. Bg2+ Kb6 60. Kd5 Nc7+ 61. Kd6 Ne8+ 62. Kd7 Nc7 63. Bf3 Na6 64. Kd6 Nc7 65.
Bh5 Na6 66. Bg4 Nc7 67. Be2 Na6 68. Kd5 Nc7+ 69. Kd4 Ne6+ 70. Kd3 Nc7 71. Kc2
Nd5 72. Kb3 Nc7 73. Bf1 Ne6 74. Bxb5 Kxb5 75. c4+ Kb6 76. Ka4 Nc5+ 77. bxc5+
1/2-1/2

[Event "NK Jeugd Cj"]
[Site "Assen"]
[Date "2017.04.26"]
[Round "5.8"]
[White "Paays, Dominggus"]
[Black "Gevorkjan, Lewon"]
[Result "1/2-1/2"]
[WhiteElo "1531"]
[BlackElo "1815"]
[PlyCount "79"]
[EventDate "2017.??.??"]

1. e4 d5 2. exd5 Nf6 3. Bb5+ Bd7 4. Bc4 c6 5. dxc6 Bxc6 6. Nf3 e6 7. O-O Bd6 8.
h3 O-O 9. Nc3 Nbd7 10. d3 h6 11. Re1 Qc7 12. Be3 a6 13. a4 Rfd8 14. Qe2 Nb6 15.
Bb3 Rac8 16. a5 Nbd5 17. Nxd5 Nxd5 18. Bxd5 Bxd5 19. Bb6 Qd7 20. Bxd8 Qxd8 21.
c3 Qf6 22. Ne5 Qe7 23. d4 f6 24. Ng4 Bc4 25. Qc2 Qc7 26. Ne3 e5 27. Nxc4 Qxc4
28. Qe4 Qb5 29. Qe2 Qb3 30. Rad1 Kh8 31. Qg4 Rg8 32. dxe5 Bxe5 33. f4 Bb8 34.
Rd2 Qc4 35. Rde2 Qc5+ 36. Kh1 Qb5 37. Qg6 Bxf4 38. Re8 Be5 39. Rxg8+ Kxg8 40.
Rd1 1/2-1/2

[Event "NK Jeugd Cj"]
[Site "Assen"]
[Date "2017.04.26"]
[Round "5.9"]
[White "Shakhverdian, William"]
[Black "Brandsma, Romayn"]
[Result "1-0"]
[WhiteElo "1732"]
[BlackElo "1390"]
[PlyCount "105"]
[EventDate "2017.??.??"]

1. e4 d6 2. d4 Nf6 3. Nc3 e5 4. dxe5 dxe5 5. Qxd8+ Kxd8 6. Bg5 Be6 7. Nf3 Nbd7
8. O-O-O c6 9. Nxe5 Kc7 10. Nxd7 Nxd7 11. Bf4+ Kc8 12. f3 Bb4 13. a3 Ba5 14.
Ne2 Bc7 15. Bxc7 Kxc7 16. Nd4 b5 17. Nxe6+ fxe6 18. Rd2 Nc5 19. Be2 a5 20. b3
Rhf8 21. Rhd1 Rf6 22. Kb2 Rh6 23. h3 Rg6 24. Bf1 Re8 25. c3 Re7 26. b4 axb4 27.
axb4 Nd7 28. Ra1 Kb6 29. Kb3 Nf6 30. Rda2 Nd7 31. Ra6+ Kc7 32. Ra7+ Kd8 33.
Ra8+ Kc7 34. R1a7+ Kd6 35. Ra6 Kc7 36. R8a7+ Kb8 37. Ra8+ Kc7 38. Rh8 Kb7 39.
Ra5 h6 40. c4 bxc4+ 41. Kxc4 Nb6+ 42. Kb3 Rd7 43. Kc2 Rd4 44. Rf8 Nc4 45. Rf7+
Kb6 46. Raa7 c5 47. bxc5+ Kxc5 48. Rfc7+ Kb6 49. Rab7+ Ka6 50. Kc3 Rd1 51.
Bxc4+ Ka5 52. Rc5+ Ka4 53. Ra7# 1-0

[Event "NK Jeugd Cj"]
[Site "Assen"]
[Date "2017.04.26"]
[Round "5.10"]
[White "Ekker, Laurens"]
[Black "Klaren, Duncan"]
[Result "1-0"]
[WhiteElo "1396"]
[BlackElo "1551"]
[PlyCount "99"]
[EventDate "2017.??.??"]

1. e4 c5 2. c3 Nf6 3. e5 Nd5 4. d4 cxd4 5. cxd4 Nc6 6. Nf3 d6 7. exd6 Qxd6 8.
Nc3 Bg4 9. Be2 e6 10. O-O Be7 11. h3 Bh5 12. Nxd5 Qxd5 13. Be3 O-O 14. Qd2 Rfd8
15. Rfd1 Rac8 16. a3 Na5 17. Qe1 Rc2 18. Rd2 Rxd2 19. Nxd2 Bxe2 20. Qxe2 Bf6
21. Nf3 Nb3 22. Rd1 e5 23. Re1 e4 24. Nd2 Nxd2 25. Bxd2 Bxd4 26. Qxe4 Bxf2+ 27.
Kxf2 Qxd2+ 28. Kg1 h6 29. Re2 Qc1+ 30. Kh2 Rd1 31. Qe8+ Kh7 32. Qxf7 Rh1+ 33.
Kg3 Qg5+ 34. Kf3 Rf1+ 35. Rf2 Qb5 36. Kg3 Qg5+ 37. Kf3 Re1 38. Qf4 Qd5+ 39. Kg3
Re5 40. Kh2 Rg5 41. Qf3 Qd6+ 42. Qf4 Qg6 43. Qf3 Rb5 44. Qe2 Qd6+ 45. Kh1 Re5
46. Qc2+ g6 47. Rf1 Qe7 48. Qb3 Kg7 49. Qc3 g5 50. Rf5 1-0

[Event "NK Jeugd Cj"]
[Site "Assen"]
[Date "2017.04.26"]
[Round "5.11"]
[White "Algra, Sake"]
[Black "Honkoop, Gilian"]
[Result "0-1"]
[WhiteElo "1481"]
[BlackElo "1820"]
[PlyCount "48"]
[EventDate "2017.??.??"]

1. e4 Nc6 2. Nf3 e5 3. Bc4 Nf6 4. Ng5 d5 5. exd5 Na5 6. Bb5+ c6 7. dxc6 bxc6 8.
Qf3 Bb7 9. Ba4 Bd6 10. Qe2 O-O 11. d3 h6 12. Nh3 Nd5 13. O-O f5 14. f4 Qb6+ 15.
Kh1 Rae8 16. Qd1 exf4 17. Nxf4 Bxf4 18. Bxf4 Qxb2 19. Nd2 Nc3 20. Qf3 Nxa4 21.
Qg3 Qf6 22. Rae1 c5 23. Be5 Qg5 24. Qh3 Qxd2 0-1

[Event "NK Jeugd Cj"]
[Site "Assen"]
[Date "2017.04.26"]
[Round "5.12"]
[White "Van der Hagen, Loek"]
[Black "Albertus, Bram"]
[Result "1/2-1/2"]
[WhiteElo "1581"]
[BlackElo "1569"]
[PlyCount "81"]
[EventDate "2017.??.??"]

1. e4 c5 2. Nf3 d6 3. d4 cxd4 4. Nxd4 g6 5. Nc3 Bg7 6. Be3 a6 7. Qd2 Nc6 8.
O-O-O Nf6 9. f3 h5 10. Bc4 Ne5 11. Bb3 b5 12. Nd5 Bd7 13. Ne2 Rb8 14. Nec3 a5
15. a4 b4 16. Ne2 Nxd5 17. exd5 Qc7 18. Bd4 O-O 19. Kb1 Rfc8 20. Rhf1 Nc4 21.
Qf4 Nb6 22. Bxb6 Qxb6 23. g4 Be5 24. Qe4 hxg4 25. fxg4 Qd8 26. Qf3 Qf8 27. Nf4
Qg7 28. Nd3 Bf6 29. Qg3 Qh6 30. h3 Rc7 31. Qf3 Rf8 32. Rde1 Qg5 33. Re2 Qh4 34.
Rg2 Bc8 35. Qe3 g5 36. Rgf2 Qh8 37. Rf3 Rb7 38. Rh1 Qh4 39. Rff1 Kg7 40. Qc1
Rh8 41. Qe3 1/2-1/2